| 000 | 01602nam a2200337Ia 4500 | ||
|---|---|---|---|
| 001 | ebr10405099 | ||
| 003 | CaPaEBR | ||
| 006 | m u | ||
| 007 | cr cn||||||||| | ||
| 008 | 100511s2010 dcua sb 000 0 eng d | ||
| 010 | _z 2010020157 | ||
| 020 | _z9780309151290 | ||
| 020 | _z9780309151306 | ||
| 040 |
_aCaPaEBR _cCaPaEBR |
||
| 035 | _a(OCoLC)663886633 | ||
| 050 | 1 | 4 |
_aR853.B54 _bE93 2010eb |
| 082 | 0 | 4 |
_a610.28 _222 |
| 245 | 0 | 0 |
_aEvaluation of biomarkers and surrogate endpoints in chronic disease _h[electronic resource] / _cCommittee on Qualification of Biomarkers and Surrogate Endpoints in Chronic Disease, Board on Health Care Services, Board on Health Sciences Policy, Food and Nutrition Board, Institute of Medicine ; Christine M. Micheel and John R. Ball, editors. |
| 260 |
_aWashington, DC : _bNational Academies Press, _cc2010. |
||
| 300 |
_axx, 314 p. : _bill. |
||
| 504 | _aIncludes bibliographical references. | ||
| 533 |
_aElectronic reproduction. _bPalo Alto, Calif. : _cebrary, _d2010. _nAvailable via World Wide Web. _nAccess may be limited to ebrary affiliated libraries. |
||
| 650 | 0 |
_aBiochemical markers _xEvaluation. |
|
| 650 | 0 | _aChronic diseases. | |
| 655 | 7 |
_aElectronic books. _2local |
|
| 700 | 1 | _aMicheel, Christine. | |
| 700 | 1 |
_aBall, John, _d1944- |
|
| 710 | 2 |
_aInstitute of Medicine (U.S.). _bCommittee on Qualification of Biomarkers and Surrogate Endpoints in Chronic Disease. |
|
| 710 | 2 | _aebrary, Inc. | |
| 856 | 4 | 0 |
_uhttp://site.ebrary.com/lib/rucke/Doc?id=10405099 _zAn electronic book accessible through the World Wide Web; click to view |
| 999 |
_c185085 _d185085 |
||